000 00425nam a2200181Ia 4500
005 20240823005650.0
008 240823s9999||||xx |||||||||||||| ||und||
041 _aENGLISH
082 _A621.3 N7
100 _aMehta V K
245 0 _aElectrical Engineering
250 _a1st
260 _c1997
_b"S Chand,New Delhi"
500 _aYes
650 _aElectrical Engineering
_bElectrical
942 _cBK
999 _c156378
_d156378